Normal view
MARC view
- Thripati,
Entry Personal Name
001 - CONTROL NUMBER
- control field: 5939
003 - CONTROL NUMBER IDENTIFIER
- control field: OSt
005 - DATE AND TIME OF LATEST TRANSACTION
- control field: 20240213145952.0
008 - FIXED-LENGTH DATA ELEMENTS
- fixed length control field: 240213|| aca||aabn | a|a d
040 ## - CATALOGING SOURCE
- Original cataloging agency: OSt
- Transcribing agency: OSt
100 ## - HEADING--PERSONAL NAME
- Personal name: Thripati,
670 ## - SOURCE DATA FOUND
- Source citation: Work cat.: (OSt)28: Thripati, ., Personal management and industrial relations , 1995.
